00549nam a2200169Ia 4500008004100000100001700041245010600058245001900164260003000183260000900213300003500222440005700257650001300314650001800327650001800345650001600363190427s9999 xx 000 0 und d aMiller, Kyle 3aAn investigation of early chilhood teachers' perception of families through a photo-sharing activity/ cKyle Miller.-- bTaylor and Francis Group  c2018 apages 131-149, April-June 2018 aJournal of Early Childhood Teacher Education v39(2) aFamilies aInvestigation aPhoto-sharing aPrerception